000 00845nam a22002177a 4500
008 090305t xxu||||| |||| 00| 0 eng d
010 _aENG-93081
020 _c100.00
_a8182400120
035 _aEN-76614
037 _bDBAD / PUB
040 _adpl
_bEnglish
082 _a621.391
100 _aLawrenec, T.
245 _aElectronics practicals and microprocessor programming (8085) /
_cby T. Lawrence
260 _aDelhi
_bDhruv Publications
_c2007
270 _a103, Aggarwal Tower, LSC 'O&P' Pocket, Dilshand Garden,
_bDelhi
_e110095
300 _a89p.
_c23cm (pbk)
500 _aIncluses glossary
942 _2ddc
_cEN
_mLAW
_h621.391
999 _c24859
_d24859